The Contribution of income components to income inequality in South Africa: a decomposable Gini analysis (Record no. 79840)
[ view plain ]
| 000 -LEADER | |
|---|---|
| fixed length control field | 01146nam a2200253 a 4500 |
| 008 - FIXED-LENGTH DATA ELEMENTS--GENERAL INFORMATION | |
| fixed length control field | 120416s1996 ||||||||||||||||| || u |
| 020 ## - INTERNATIONAL STANDARD BOOK NUMBER | |
| International Standard Book Number | 0821336371 |
| 050 ## - LIBRARY OF CONGRESS CALL NUMBER | |
| Classification number | IBRD(08) |
| 100 ## - MAIN ENTRY--PERSONAL NAME | |
| Personal name | Liebbrandt, Murray V |
| 245 14 - TITLE STATEMENT | |
| Title | The Contribution of income components to income inequality in South Africa: a decomposable Gini analysis |
| 260 ## - PUBLICATION, DISTRIBUTION, ETC. | |
| Place of publication, distribution, etc. | Washington, D.C.: |
| Name of publisher, distributor, etc. | World Bank |
| Date of publication, distribution, etc. | 1996 |
| 300 ## - PHYSICAL DESCRIPTION | |
| Extent | xi, 25p. : ill. |
| 350 ## - | |
| -- | 0.00 |
| 490 ## - | |
| -- | LSMS Working Papers |
| 650 ## - SUBJECT ADDED ENTRY--TOPICAL TERM | |
| Topical term or geographic name entry element | INCOME DISTRIBUTION--SOUTH AFRICA--STATISTICAL METHODS |
| 650 ## - SUBJECT ADDED ENTRY--TOPICAL TERM | |
| Topical term or geographic name entry element | HOUSEHOLD SURVEYS--SOUTH AFRICA--STISTICAL METHODS |
| 650 ## - SUBJECT ADDED ENTRY--TOPICAL TERM | |
| Topical term or geographic name entry element | RURAL FAMILIES--SOUTH AFRICA--ECONOMIC CONDITIONS |
| 650 ## - SUBJECT ADDED ENTRY--TOPICAL TERM | |
| Topical term or geographic name entry element | POOR--RESEARCH--DEVELOPING COUNTRIES |
| 700 ## - ADDED ENTRY--PERSONAL NAME | |
| Personal name | Woolard, Ingrid D |
| 700 ## - ADDED ENTRY--PERSONAL NAME | |
| Personal name | Woolard, Christopher D., 1970- |
| 710 ## - ADDED ENTRY--CORPORATE NAME | |
| Corporate name or jurisdiction name as entry element | World Bank |
| 995 ## - | |
| -- | SPECIAL COLLECTIONS |
| -- | 0.00 |
| -- | 019830 |
| -- | CBU-MAIN LIBRARY (Kitwe) |
| -- | 1 |
| -- | 0.00 |
| -- | IBRD(08)LSMS/125B |
| -- | 2 |
| -- | AVAILABLE |
| -- | Apr 1, 2008 |
| -- | 019830 |
| -- | International Publications |
| 995 ## - | |
| -- | SPECIAL COLLECTIONS |
| -- | 0.00 |
| -- | 019408 |
| -- | CBU-MAIN LIBRARY (Kitwe) |
| -- | 1 |
| -- | 0.00 |
| -- | IBRD(08)LSMS/ 125A |
| -- | 1 |
| -- | AVAILABLE |
| -- | 019408 |
| -- | International Publications |
| 999 ## - | |
| -- | 79840 |
| -- | 79840 |
| Withdrawn status | Lost status | Source of classification or shelving scheme | Damaged status | Not for loan | Permanent Location | Current Location | Shelving location | Date acquired | Total Checkouts | Full call number | Barcode | Date last seen | Copy number | Price effective from | Koha item type |
|---|---|---|---|---|---|---|---|---|---|---|---|---|---|---|---|
| CBU-MAIN LIBRARY, KITWE. | CBU-MAIN LIBRARY, KITWE. | 06/29/2023 | IBRD(08)LSMS/125B | 019830 | 06/29/2023 | 1 | 06/29/2023 | SPECIAL COLLECTION | |||||||
| CBU-MAIN LIBRARY, KITWE. | CBU-MAIN LIBRARY, KITWE. | 06/29/2023 | IBRD(08)LSMS/125A | 019408 | 06/29/2023 | 2 | 06/29/2023 | SPECIAL COLLECTION |